Zamestnanci a zamestnávatelia sa navzájom potrebujú

Jedným zo základných verejných statkov, ktoré musí každý moderný štát poskytovať svojim občanom, je pocit základnej životnej existenčnej istoty. Povinnosť štátu podieľať sa prostredníctvom verejných financií na sociálnych programoch pre odkázaných členov spoločnosti.

Gespeichert in:
Bibliographische Detailangaben
1. Verfasser: Balko, Ladislav
Format: Buchkapitel
Sprache:Slowakisch
Schlagworte:
Tags: Tag hinzufügen
Keine Tags, Fügen Sie das erste Tag hinzu!

MARC

LEADER 00000naa a2200000 4500
001 0136825
005 20220729105253.4
041 0 |a slo 
044 |a SK 
245 1 0 |a Zamestnanci a zamestnávatelia sa navzájom potrebujú  |c Ladislav Balko 
520 |a Jedným zo základných verejných statkov, ktoré musí každý moderný štát poskytovať svojim občanom, je pocit základnej životnej existenčnej istoty. Povinnosť štátu podieľať sa prostredníctvom verejných financií na sociálnych programoch pre odkázaných členov spoločnosti. 
610 2 0 |a problémy spoločenské 
610 2 0 |a zamestnanosť 
610 2 0 |a programy sociálne 
610 2 0 |a zmier sociálny 
610 2 0 |a partnerstvo sociálne 
610 2 0 |a zamestnávatelia 
610 2 0 |a dialóg sociálny 
610 2 0 |a zodpovednosť spoločenská 
100 1 |a Balko, Ladislav